| 000 | 00913cam a22003133a 4500 | ||
|---|---|---|---|
| 001 | 0000778 | ||
| 003 | DO-SdBNP | ||
| 005 | 20260304124649.0 | ||
| 007 | 0000778 | ||
| 008 | 861112 2011 ag a 000 0 spa d | ||
| 010 | _a | ||
| 020 | _a9789870403500 | ||
| 040 |
_aBPMSU _cspa _dBPMSU _d |
||
| 100 | 1 |
_aRodari, Gianni _41920-1980 |
|
| 240 | 1 | _aTante storie per giocare / | |
| 245 | 1 | 0 |
_aCuentos para jugar / _cGianni Rodari ; ilustraciones Emilio Urberuaga |
| 250 | _a3a. ed., 6a. reimpr. | ||
| 260 |
_aBuenos Aires, Argentina : _bAlfaguara, _c2011. |
||
| 300 |
_a163 p. : _bil. _c20 cm. |
||
| 490 | 0 | _aAlfaguara infantil | |
| 500 | _aIncluye datos biográficos del autor. | ||
| 521 | _aA partir de 10 años. | ||
| 600 | 0 | 0 |
_a _x |
| 700 | 1 | 2 |
_aUrberuaga, Emilio _eil. |
| 830 | 0 | _aAlfaguara infantil | |
| 942 |
_2ddc _cBK |
||
| 945 | _ainventariado, 2018 / dg | ||
| 956 |
_2YLOCKWARD _310 _8BPMSU |
||
| 999 |
_c11779 _d11779 |
||